[Event "Thüringenliga 2014/2015"]
[Site "?"]
[Date "2014.10.05"]
[Round "2"]
[White "Troyke, Doreen"]
[Black "Fischer, Dennis"]
[Result "1-0"]
[WhiteElo "1978"]
[BlackElo "1865"]
[PlyCount "73"]
[EventDate "2014.??.??"]

1. c4 Nf6 2. g3 g6 3. Bg2 Bg7 4. Nc3 O-O 5. Nf3 d6 6. O-O e5 7. d4 Nfd7 8. Bg5
f6 9. Bd2 Nc6 10. d5 Nd4 11. Nxd4 exd4 12. Nb5 f5 13. Bc1 Nb6 14. Qd3 Na4 15.
Nxd4 Qf6 16. Qc2 Qxd4 17. Qxa4 a6 18. Qc2 Bd7 19. Be3 Qg4 20. Rad1 Rae8 21. b3
f4 22. f3 Qg5 23. Bf2 h5 24. gxf4 Rxf4 25. Bg3 Bd4+ 26. Kh1 Be3 27. Bxf4 Bxf4
28. Rd4 Bf5 29. Qd1 Be3 30. Re4 Bxe4 31. fxe4 h4 32. Qe1 h3 33. Bxh3 Rxe4 34.
Be6+ Kg7 35. Qc3+ Bd4 36. Qf3 Bf6 37. Qxe4 1-0

[Event "Thüringenliga 2014/2015"]
[Site "?"]
[Date "2014.10.05"]
[Round "2"]
[White "Zeuner, Ulrich"]
[Black "August, Christian"]
[Result "0-1"]
[WhiteElo "1964"]
[BlackElo "1961"]
[PlyCount "92"]
[EventDate "2014.??.??"]

1. Nf3 Nf6 2. d3 d5 3. Nbd2 Nc6 4. c4 e5 5. cxd5 Qxd5 6. g3 Bc5 7. Qb3 Be6 8.
Qxd5 Bxd5 9. Bg2 Nd4 10. O-O Nc2 11. b4 Nxa1 12. bxc5 Nc2 13. e4 Bxa2 14. Nxe5
a5 15. Bb2 a4 16. Rc1 Bb3 17. Nxb3 axb3 18. Nc4 Nb4 19. Rc3 Rd8 20. e5 Nfd5 21.
Rxb3 O-O 22. Be4 Rfe8 23. Kg2 c6 24. Nd6 Re7 25. Nf5 Red7 26. Nxg7 Nxd3 27. Nh5
Nxc5 28. Bxd5 Rxd5 29. Nf6+ Kf8 30. Nxd5 Nxb3 31. Nf6 c5 32. h4 b5 33. Nxh7+
Ke7 34. e6 Kxe6 35. Ng5+ Kd5 36. Nxf7 Rf8 37. Ne5 b4 38. Ng6 Re8 39. Nf4+ Ke4
40. Bg7 Kf5 41. f3 c4 42. Kf2 c3 43. Nd3 Kg6 44. Be5 Nc5 45. Nf4+ Kf7 46. Bd4
Ne6 0-1

[Event "Thüringenliga 2014/2015"]
[Site "?"]
[Date "2014.10.26"]
[Round "3"]
[White "Kalisch, Michael"]
[Black "Steinacker, Alex"]
[Result "1/2-1/2"]
[WhiteElo "1974"]
[BlackElo "2152"]
[PlyCount "77"]
[EventDate "2014.??.??"]
[WhiteTeam "ESV Lok Sömmerda"]
[BlackTeam "Erfurter Schachklub"]

1. e4 c5 2. Nc3 g6 3. f4 Bg7 4. Nf3 Nc6 5. Bb5 Nd4 6. O-O Nxb5 7. Nxb5 Nf6 8.
d3 O-O 9. Kh1 d5 10. Qe1 b6 11. Nc3 e6 12. e5 Ne8 13. d4 f6 14. Be3 Ba6 15. Rf2
Qe7 16. Qd2 Nc7 17. a4 Bb7 18. Re1 Na6 19. Rfe2 f5 20. Ra1 Nb4 21. Ree1 Rfc8
22. a5 Bc6 23. Qf2 Bf8 24. Rec1 Be8 25. Qe2 c4 26. Nd1 Nc6 27. axb6 axb6 28. c3
Na5 29. Nd2 Bb5 30. Nf2 Qd7 31. Qf3 Ba4 32. Nh3 Qb5 33. Ng5 Re8 34. Ra2 Ra7 35.
Bf2 Bb3 36. Raa1 Ba4 37. Ra2 Bb3 38. Raa1 Ba4 39. Ra2 1/2-1/2

[Event "Thüringenliga 2014/2015"]
[Site "?"]
[Date "2014.10.26"]
[Round "3"]
[White "Brüggemann, Joachim"]
[Black "Kühn, Martin"]
[Result "1-0"]
[WhiteElo "2198"]
[BlackElo "1917"]
[PlyCount "39"]
[EventDate "2014.??.??"]
[WhiteTeam "Erfurter Schachklub"]
[BlackTeam "ESV Lok Sömmerda"]

1. e4 e6 2. d4 d5 3. Nc3 Nf6 4. Bg5 Be7 5. e5 Nfd7 6. Bxe7 Qxe7 7. Qh5 O-O 8.
f4 c5 9. Nf3 Nc6 10. O-O-O c4 11. f5 f6 12. fxe6 Qxe6 13. Re1 fxe5 14. Qxh7+
Kxh7 15. Ng5+ Kg8 16. Nxe6 Rf2 17. Nxd5 Nb6 18. Nxb6 Bxe6 19. Nxa8 Nxd4 20. c3
1-0

[Event "Thüringenliga 2014/2015"]
[Site "?"]
[Date "2014.10.26"]
[Round "3"]
[White "Burkhardt, Kai"]
[Black "Kirste, Olaf"]
[Result "0-1"]
[WhiteElo "1756"]
[BlackElo "1889"]
[PlyCount "148"]
[EventDate "2014.??.??"]
[WhiteTeam "Erfurter Schachklub"]
[BlackTeam "ESV Lok Sömmerda"]

1. d4 g6 2. e4 d6 3. Nc3 Bg7 4. Bc4 Nf6 5. Qe2 e5 6. dxe5 dxe5 7. Bg5 c6 8. f4
Qa5 9. Nf3 Nbd7 10. O-O-O O-O 11. Bb3 Nh5 12. fxe5 Nc5 13. Rhg1 Nxb3+ 14. cxb3
Bg4 15. Bd2 Rad8 16. h3 Bxf3 17. gxf3 Qxe5 18. Rg5 Nf4 19. Rxe5 Nxe2+ 20. Nxe2
Bxe5 21. f4 Bg7 22. Re1 Bxb2+ 23. Kc2 Bg7 24. Ng3 Rd7 25. e5 Rfd8 26. Ne4 Rd5
27. Bc3 h5 28. Nd6 R5xd6 29. exd6 Bxc3 30. Kxc3 Rxd6 31. Re7 b5 32. Rxa7 Rf6
33. Rc7 Kf8 34. Kd3 Ke8 35. Ke4 Kd8 36. Ra7 Re6+ 37. Kf3 Re7 38. Ra8+ Kc7 39.
b4 Kd6 40. Rd8+ Rd7 41. Re8 Ra7 42. Rd8+ Ke6 43. Rd2 Kf5 44. Rc2 Ra3+ 45. Kg2
Kxf4 46. Rxc6 f5 47. Rxg6 Rxa2+ 48. Kg1 Rb2 49. Rh6 Kg3 50. Rg6+ Kf3 51. Rg5
Ke4 52. Rxh5 Rxb4 53. Rh8 Kf3 54. Rf8 f4 55. h4 Kg3 56. Rg8+ Kxh4 57. Kf2 Rb3
58. Ke2 b4 59. Kf2 Rg3 60. Rb8 b3 61. Rb7 Kg4 62. Rb5 Rc3 63. Ke1 Rh3 64. Kf1
Rh1+ 65. Kg2 Rb1 66. Rb8 Rb2+ 67. Kf1 Kf3 68. Kg1 Rb1+ 69. Kh2 Kf2 70. Rb4 f3
71. Rb8 Rb2 72. Re8 Re2 73. Rb8 b2 74. Rb3 Ke1+ 0-1

[Event "Thüringenliga 2014/2015"]
[Site "?"]
[Date "2014.10.26"]
[Round "3"]
[White "Severino, Leonardo"]
[Black "Schneider, Thomas"]
[Result "0-1"]
[WhiteElo "1719"]
[BlackElo "1900"]
[PlyCount "106"]
[EventDate "2014.??.??"]
[WhiteTeam "ESV Lok Sömmerda"]
[BlackTeam "Erfurter Schachklub"]

1. d4 d5 2. c4 e6 3. Nc3 c6 4. Nf3 Nf6 5. Bg5 Nbd7 6. e3 Qa5 7. Qc2 Ne4 8. cxd5
exd5 9. Bd3 Nxg5 10. Nxg5 h6 11. Nf3 Bd6 12. O-O O-O 13. a3 Qd8 14. Rfe1 Nf6
15. h3 Re8 16. b4 a6 17. Nd2 Be6 18. Na4 Nd7 19. Nc5 Bxc5 20. bxc5 Qg5 21. f4
Qg3 22. Nf1 Qh4 23. f5 Nf6 24. fxe6 Rxe6 25. Qf2 Qg5 26. Qf4 Rae8 27. Kf2 Ne4+
28. Kg1 Qxf4 29. exf4 Nxc5 30. Rxe6 Nxe6 31. f5 Nxd4 32. Rb1 b5 33. Kf2 Kf8 34.
Ne3 Ke7 35. Rd1 Kd6 36. Bb1 c5 37. Ba2 Re5 38. g4 a5 39. Rd2 b4 40. axb4 axb4
41. Rd3 f6 42. Kf1 Kc6 43. Kf2 Kd6 44. Kg3 Ne2+ 45. Kf3 Nd4+ 46. Kg3 Kc6 47.
Kh4 c4 48. Nxc4 Nxf5+ 49. gxf5 Re4+ 50. Kg3 dxc4 51. Rd8 b3 52. Bb1 Re1 53.
Rc8+ Kb5 0-1

[Event "Thüringenliga 2014/2015"]
[Site "?"]
[Date "2014.10.26"]
[Round "3"]
[White "Berlt, Norbert"]
[Black "Friedt, Marius"]
[Result "1/2-1/2"]
[WhiteElo "1620"]
[BlackElo "1858"]
[PlyCount "33"]
[EventDate "2014.??.??"]
[WhiteTeam "ESV Lok Sömmerda"]
[BlackTeam "Erfurter Schachklub"]

1. d4 Nf6 2. Bf4 e6 3. Nf3 b6 4. e3 Bb7 5. Nbd2 Be7 6. Bd3 O-O 7. h3 c5 8. c3
Nc6 9. Ne5 cxd4 10. exd4 d6 11. Nxc6 Bxc6 12. Qe2 Rc8 13. O-O Re8 14. Bb5 Qd7
15. Bxc6 Qxc6 16. Qf3 d5 17. Rfe1 1/2-1/2

[Event "Thüringenliga 2014/2015"]
[Site "?"]
[Date "2014.10.26"]
[Round "3"]
[White "Held, Martin"]
[Black "Nietzsche, Werner"]
[Result "1-0"]
[WhiteElo "1718"]
[BlackElo "1582"]
[PlyCount "27"]
[EventDate "2014.??.??"]
[WhiteTeam "Erfurter Schachklub"]
[BlackTeam "ESV Lok Sömmerda"]

1. e4 e5 2. f4 exf4 3. Nf3 Be7 4. Bc4 Bh4+ 5. g3 fxg3 6. O-O gxh2+ 7. Kh1 Nh6
8. d4 g5 9. Nxh4 b5 10. Bb3 Bb7 11. Nc3 Qe7 12. Nf3 f6 13. Nd5 Qd6 14. Nxg5 1-0

[Event "Thüringenliga 2014/2015"]
[Site "?"]
[Date "2014.10.26"]
[Round "3"]
[White "Hoffmann, Tim"]
[Black "Siebarth, Raiko"]
[Result "1/2-1/2"]
[WhiteElo "2007"]
[BlackElo "2224"]
[PlyCount "116"]
[EventDate "2014.??.??"]
[WhiteTeam "ESV Gera"]
[BlackTeam "SG Blau-Weiß Stadtilm"]

1. e4 g6 2. Nc3 Bg7 3. Bc4 d6 4. f4 e6 5. Nf3 Ne7 6. d4 d5 7. Bd3 dxe4 8. Nxe4
O-O 9. c3 b6 10. Qe2 a5 11. O-O Bb7 12. Be3 Nd5 13. Rad1 Nd7 14. a3 Rc8 15. Rd2
Qe7 16. c4 Nxe3 17. Qxe3 c5 18. dxc5 Nxc5 19. Nxc5 Qxc5 20. Qxc5 Rxc5 21. Be2
Rfc8 22. a4 Bf6 23. b3 Be4 24. Kf2 Bc3 25. Rd6 R5c6 26. Rfd1 Rxd6 27. Rxd6 Bb4
28. Rd7 f6 29. Kf1 Bc6 30. Rd1 Be4 31. Rd7 Re8 32. h4 h5 33. Kf2 Re7 34. Rd8+
Kf7 35. Bd3 Bc5+ 36. Ke2 Bc6 37. g3 Rd7 38. Rxd7+ Bxd7 39. Be4 Be8 40. Ne1 Ke7
41. Nd3 Bd4 42. Kf3 Kd6 43. Ke2 e5 44. fxe5+ Bxe5 45. Nxe5 Kxe5 46. Ke3 g5 47.
hxg5 fxg5 48. Bg2 h4 49. gxh4 gxh4 50. Kd3 Bd7 51. Kc3 h3 52. Bxh3 Bxh3 53. b4
Bd7 54. bxa5 bxa5 55. Kb2 Kd4 56. Ka1 Kxc4 57. Kb2 Bf5 58. Ka1 Kb3 1/2-1/2

[Event "Thüringenliga 2014/2015"]
[Site "?"]
[Date "2014.10.26"]
[Round "3"]
[White "Schneider, Christian"]
[Black "Puschendorf, Steffen"]
[Result "1-0"]
[WhiteElo "2198"]
[BlackElo "2061"]
[PlyCount "45"]
[EventDate "2014.??.??"]
[WhiteTeam "SG Blau-Weiß Stadtilm"]
[BlackTeam "ESV Gera"]

1. e4 e6 2. d4 d5 3. Nd2 Nf6 4. e5 Nfd7 5. Bd3 c5 6. c3 Nc6 7. Ne2 cxd4 8. cxd4
f6 9. Nf4 Nxd4 10. Qh5+ Ke7 11. Ng6+ hxg6 12. exf6+ Nxf6 13. Qxh8 Kf7 14. O-O
e5 15. Nb3 Nxb3 16. axb3 Qb6 17. Bxg6+ Kxg6 18. Qxf8 d4 19. b4 Qc7 20. Ra3 b6
21. Qh8 Ne4 22. Qe8+ Kh7 23. Bf4 1-0

[Event "Thüringenliga 2014/2015"]
[Site "?"]
[Date "2014.10.26"]
[Round "3"]
[White "Gläßl, Matthias"]
[Black "Siebarth, Marco"]
[Result "1-0"]
[WhiteElo "2021"]
[BlackElo "1976"]
[PlyCount "83"]
[EventDate "2014.??.??"]
[WhiteTeam "ESV Gera"]
[BlackTeam "SG Blau-Weiß Stadtilm"]

1. e4 e5 2. d4 exd4 3. Nf3 Nc6 4. Nxd4 Nxd4 5. Qxd4 Qf6 6. Qe3 b6 7. Nc3 Bc5 8.
Qf4 c6 9. Be2 Bd4 10. Bd2 d6 11. Qg3 Ne7 12. O-O-O h6 13. Bf4 Be5 14. Bxe5 dxe5
15. Rd2 O-O 16. Rhd1 Be6 17. Rd6 Qg5+ 18. Kb1 Qxg3 19. hxg3 g5 20. b3 b5 21.
Kb2 a5 22. a4 b4 23. Nb1 Kg7 24. Nd2 Rfd8 25. Nc4 Rxd6 26. Rxd6 Bxc4 27. Bxc4
Ra7 28. Kc1 Rc7 29. Rd8 Nc8 30. Be2 c5 31. Bg4 Ne7 32. Be2 Nc6 33. Rd6 c4 34.
Bxc4 Ne7 35. Kd2 Rc6 36. Rd7 Kf6 37. c3 bxc3+ 38. Kxc3 Rb6 39. Ra7 Nc6 40.
Rxf7+ Kg6 41. Rd7 Nd4 42. Rd5 1-0

[Event "Thüringenliga 2014/2015"]
[Site "?"]
[Date "2014.10.26"]
[Round "3"]
[White "George, Tom"]
[Black "Hilbig, Dieter"]
[Result "1-0"]
[WhiteElo "1884"]
[BlackElo "1904"]
[PlyCount "39"]
[EventDate "2014.??.??"]
[WhiteTeam "SG Blau-Weiß Stadtilm"]
[BlackTeam "ESV Gera"]

1. e4 c5 2. Nc3 Nc6 3. Nf3 g6 4. Bb5 Nd4 5. Bc4 e6 6. Nxd4 cxd4 7. Ne2 e5 8. c3
dxc3 9. bxc3 Bg7 10. Qb3 Qe7 11. Ba3 d6 12. d4 Nh6 13. dxe5 Qxe5 14. Rd1 Bf8
15. Bb5+ Kd8 16. c4 Rg8 17. c5 Be6 18. Qa4 f5 19. Qa5+ Kc8 20. cxd6 1-0

[Event "Thüringenliga 2014/2015"]
[Site "?"]
[Date "2014.10.26"]
[Round "3"]
[White "Senf, Paul"]
[Black "Berner, Stephan"]
[Result "0-1"]
[WhiteElo "1673"]
[BlackElo "1870"]
[PlyCount "46"]
[EventDate "2014.??.??"]
[WhiteTeam "ESV Gera"]
[BlackTeam "SG Blau-Weiß Stadtilm"]

1. e4 c6 2. d4 d5 3. e5 Bf5 4. Nf3 e6 5. Be2 c5 6. Nbd2 Nd7 7. c3 Rc8 8. Nb3 h6
9. Be3 a6 10. O-O Qc7 11. Rc1 c4 12. Nbd2 Qb6 13. Nh4 Bh7 14. f4 Be7 15. f5
Nxe5 16. fxe6 fxe6 17. Bf4 Nd3 18. Bxd3 Bxd3 19. Qh5+ Kd7 20. Nhf3 Nf6 21. Ne5+
Kd8 22. Nf7+ Ke8 23. Qg6 Bxg6 0-1

[Event "Thüringenliga 2014/2015"]
[Site "?"]
[Date "2014.10.26"]
[Round "3"]
[White "Schröter, Maik"]
[Black "Steinmüller, Johannes"]
[Result "1/2-1/2"]
[WhiteElo "1801"]
[BlackElo "1715"]
[PlyCount "37"]
[EventDate "2014.??.??"]
[WhiteTeam "SG Blau-Weiß Stadtilm"]
[BlackTeam "ESV Gera"]

1. e4 c5 2. Nf3 Nc6 3. d4 cxd4 4. Nxd4 g6 5. Be2 Bg7 6. Be3 Nf6 7. Nc3 O-O 8.
O-O d5 9. exd5 Nb4 10. Qd2 Nbxd5 11. Nxd5 Nxd5 12. Bh6 e5 13. Bxg7 Kxg7 14. Nf3
Nf4 15. Qe3 Nxe2+ 16. Qxe2 f6 17. Rfd1 Qb6 18. b3 Bg4 19. h3 1/2-1/2

[Event "Thüringenliga 2014/2015"]
[Site "?"]
[Date "2014.10.26"]
[Round "3"]
[White "Kupper, Matthias"]
[Black "Schmidt, Daniel"]
[Result "0-1"]
[WhiteElo "1738"]
[BlackElo "1841"]
[PlyCount "50"]
[EventDate "2014.??.??"]
[WhiteTeam "ESV Gera"]
[BlackTeam "SG Blau-Weiß Stadtilm"]

1. e4 c5 2. Nf3 d6 3. d4 cxd4 4. Nxd4 Nf6 5. Nc3 a6 6. a4 e6 7. Be3 Be7 8. Be2
O-O 9. O-O Qc7 10. f4 Nbd7 11. Bf3 Rb8 12. Qe1 Re8 13. Qg3 Bf8 14. h4 Kh8 15.
Rfe1 e5 16. Nde2 b6 17. Qf2 Bb7 18. g4 exf4 19. Nxf4 Nxe4 20. Bxe4 Bxe4 21. Bd4
Bb7 22. h5 Ne5 23. Bxb6 Qc4 24. Re2 Nf3+ 25. Kf1 Qxf4 0-1

[Event "Thüringenliga 2014/2015"]
[Site "?"]
[Date "2014.10.26"]
[Round "3"]
[White "Werner, Justus"]
[Black "Küffner, Rolf"]
[Result "1-0"]
[WhiteElo "1817"]
[BlackElo "1805"]
[PlyCount "81"]
[EventDate "2014.??.??"]
[WhiteTeam "SG Blau-Weiß Stadtilm"]
[BlackTeam "ESV Gera"]

1. c4 e5 2. Nc3 Nf6 3. g3 Bc5 4. Bg2 O-O 5. e3 Re8 6. Nge2 Nc6 7. O-O a6 8. d4
exd4 9. exd4 Ba7 10. Bg5 h6 11. Bxf6 Qxf6 12. Nd5 Qd8 13. Re1 d6 14. h3 Bd7 15.
Qd2 Bf5 16. Rad1 Qd7 17. Kh2 Be4 18. Qf4 Bxg2 19. Kxg2 Ne7 20. Nec3 Ng6 21. Qd2
c6 22. Ne3 Re7 23. f4 Rae8 24. f5 Nf8 25. f6 gxf6 26. Ng4 Nh7 27. Rf1 h5 28.
Nh6+ Kh8 29. Nf5 Re6 30. Qh6 Rg8 31. Qxh5 Rg5 32. Qf3 Rg6 33. h4 Qe8 34. Rd2
Bb8 35. Rdf2 b5 36. d5 Re5 37. dxc6 bxc4 38. Nd5 Qxc6 39. Nfe7 Rxe7 40. Nxe7
Qxf3+ 41. Rxf3 1-0

[Event "Thüringenliga 2014/2015"]
[Site "?"]
[Date "2014.10.26"]
[Round "3"]
[White "Darr, Sascha"]
[Black "Hermannsdörfer, Frank"]
[Result "0-1"]
[WhiteElo "2105"]
[BlackElo "2100"]
[PlyCount "62"]
[EventDate "2014.??.??"]
[WhiteTeam "SV Jenapharm Jena"]
[BlackTeam "SV 1861 Liebschwitz"]

1. Nf3 d6 2. d4 Nf6 3. Nc3 Bf5 4. Bg5 Nbd7 5. e3 h6 6. Bh4 g5 7. Bg3 Ne4 8.
Nxe4 Bxe4 9. h4 g4 10. Nd2 Bh7 11. e4 h5 12. Bd3 Bg7 13. c3 c5 14. dxc5 Nxc5
15. Bb5+ Kf8 16. Qe2 Qb6 17. O-O-O Rc8 18. f3 a6 19. Bd3 Na4 20. Nb1 gxf3 21.
gxf3 Bh6+ 22. f4 Rg8 23. Bh2 Rg4 24. Rd2 Rxf4 25. Bg1 Rf1+ 26. Qxf1 Qxb2+ 27.
Kd1 Nxc3+ 28. Ke1 Bxd2+ 29. Nxd2 Qc1+ 30. Kf2 Qxd2+ 31. Kf3 d5 0-1

[Event "Thüringenliga 2014/2015"]
[Site "?"]
[Date "2014.10.26"]
[Round "3"]
[White "Zeidler, Andreas"]
[Black "Wicklein, Stefan"]
[Result "1-0"]
[WhiteElo "2163"]
[BlackElo "1972"]
[PlyCount "101"]
[EventDate "2014.??.??"]
[WhiteTeam "SV 1861 Liebschwitz"]
[BlackTeam "SV Jenapharm Jena"]

1. d4 d5 2. c4 c6 3. Nf3 Nf6 4. e3 e6 5. Nc3 Nbd7 6. Bd3 Be7 7. O-O O-O 8. e4
dxe4 9. Nxe4 c5 10. dxc5 Nxe4 11. Bxe4 Nxc5 12. Bc2 a5 13. Qe2 b6 14. Bf4 Bb7
15. Ne5 Qe8 16. Qh5 g6 17. Qh3 f6 18. Nd3 Qc6 19. Be3 Nxd3 20. Bxd3 Rad8 21.
Be2 Qc8 22. Bxb6 Rd2 23. Rfe1 Rxb2 24. Bxa5 e5 25. Qxc8 Rxc8 26. a4 Ba6 27. Bg4
Rcb8 28. Be6+ Kf8 29. Bc3 Rc2 30. Rec1 Re2 31. Kf1 Re4 32. Be1 Rb2 33. Bc3 Rb3
34. Bd2 Bc5 35. Rc2 Rb6 36. Bd5 Rd4 37. a5 Rd6 38. Ke1 Rd3 39. Rc3 R3xd5 40.
cxd5 Bd4 41. Rc7 Rxd5 42. Rb1 Bxf2+ 43. Kxf2 Rxd2+ 44. Ke1 Rd8 45. Rb6 Ra8 46.
Rxf6+ Kg8 47. Rff7 Bd3 48. Rg7+ Kf8 49. Rxh7 Kg8 50. Rcg7+ Kf8 51. Rh8+ 1-0

[Event "Thüringenliga 2014/2015"]
[Site "?"]
[Date "2014.10.26"]
[Round "3"]
[White "Wolf, Isaak"]
[Black "Gerhardt, Frank"]
[Result "1/2-1/2"]
[WhiteElo "1966"]
[BlackElo "2022"]
[PlyCount "92"]
[EventDate "2014.??.??"]
[WhiteTeam "SV Jenapharm Jena"]
[BlackTeam "SV 1861 Liebschwitz"]

1. e4 c5 2. Nf3 Nc6 3. d4 cxd4 4. Nxd4 Nf6 5. Nc3 e5 6. Ndb5 d6 7. Bg5 a6 8.
Na3 b5 9. Nd5 Be7 10. Bxf6 Bxf6 11. c3 Bg5 12. Bd3 Ne7 13. Nxe7 Qxe7 14. Nc2
O-O 15. h4 Bh6 16. g4 Bf4 17. Qe2 Be6 18. Nb4 Qb7 19. Nd5 Rae8 20. Nxf4 exf4
21. O-O-O Bxa2 22. Qd2 Bb3 23. Rde1 b4 24. c4 Rc8 25. Qxf4 Bxc4 26. Bxc4 Rxc4+
27. Kb1 d5 28. f3 dxe4 29. Rxe4 Rxe4 30. Qxe4 Qxe4+ 31. fxe4 Re8 32. Re1 f6 33.
Kc2 Kf7 34. Kd3 a5 35. Rc1 a4 36. Rc7+ Re7 37. Rc4 Rb7 38. Kd4 a3 39. bxa3 bxa3
40. Ra4 Rb3 41. e5 fxe5+ 42. Kxe5 Re3+ 43. Kf4 Rc3 44. Ke5 Rb3 45. Ra7+ Kf8 46.
h5 Rb5+ 1/2-1/2

[Event "Thüringenliga 2014/2015"]
[Site "?"]
[Date "2014.10.26"]
[Round "3"]
[White "Mißbach, Bernd"]
[Black "Weiß, Werner"]
[Result "1-0"]
[WhiteElo "1964"]
[BlackElo "2011"]
[PlyCount "111"]
[EventDate "2014.??.??"]
[WhiteTeam "SV Jenapharm Jena"]
[BlackTeam "SV 1861 Liebschwitz"]

1. Nf3 d6 2. d4 c6 3. g3 Nf6 4. Bg2 Bg4 5. Nc3 Nbd7 6. h3 Bxf3 7. Bxf3 e5 8.
Bg2 Qb6 9. dxe5 dxe5 10. O-O Be7 11. Na4 Qa5 12. b3 Rd8 13. Qe1 Qc7 14. Nc3 O-O
15. Bb2 Nc5 16. e3 a5 17. Qe2 Ra8 18. a3 Bd6 19. g4 Qe7 20. Rfd1 h6 21. b4 Ne6
22. b5 Rac8 23. bxc6 bxc6 24. Qc4 Bb8 25. Rd2 h5 26. Rad1 hxg4 27. hxg4 Ng5 28.
Kf1 e4 29. Qa4 Qe6 30. Rd4 c5 31. Rxe4 Ngxe4 32. Nxe4 Nxe4 33. Bxe4 g6 34. Bd5
Qa6+ 35. Kg2 Qb6 36. Bc3 Qc7 37. Qe4 Qh2+ 38. Kf3 Qh6 39. Ke2 Rce8 40. Qc4 Be5
41. Bxa5 Qg5 42. Bf3 Ra8 43. Bb6 Rxa3 44. Qe4 Ra6 45. Bxc5 Re8 46. Qc4 Rf6 47.
Qa4 Rfe6 48. Bd5 Kg7 49. Bxe6 Rxe6 50. Qc4 Bf4 51. Kf3 Be5 52. Rd5 Rf6+ 53. Ke2
Rxf2+ 54. Kxf2 Qh4+ 55. Ke2 Qh2+ 56. Kd3 1-0

[Event "Thüringenliga 2014/2015"]
[Site "?"]
[Date "2014.10.26"]
[Round "3"]
[White "Holzschuh, Stephan"]
[Black "Wegerich, Michael"]
[Result "1-0"]
[WhiteElo "2220"]
[BlackElo "1919"]
[PlyCount "81"]
[EventDate "2014.??.??"]
[WhiteTeam "SV Medizin Erfurt"]
[BlackTeam "SV Ammern"]

1. Nf3 d5 2. g3 c5 3. Bg2 Nc6 4. c4 e6 5. O-O Nf6 6. b3 Be7 7. d3 O-O 8. Nbd2
Qc7 9. a3 b6 10. Qc2 Bb7 11. Bb2 Rad8 12. cxd5 exd5 13. b4 Nd7 14. bxc5 Nxc5
15. d4 Ne6 16. Rac1 Rc8 17. Qd3 Qd6 18. e4 Na5 19. Ne5 Rfd8 20. exd5 Bxd5 21.
Qf5 Nc7 22. Rfe1 Qf6 23. Qd3 Bxg2 24. Kxg2 Nd5 25. Qe4 Rxc1 26. Rxc1 Qe6 27. h4
f6 28. Qg4 Qxg4 29. Nxg4 Rd7 30. Ne3 Nc7 31. a4 Bb4 32. Nf3 Kf7 33. h5 Nb3 34.
Rc4 Na6 35. Rc6 Nd2 36. h6 Nxf3 37. Kxf3 gxh6 38. Ng4 Rd6 39. Rc8 h5 40. Nh6+
Kg6 41. Rg8+ 1-0

[Event "Thüringenliga 2014/2015"]
[Site "?"]
[Date "2014.10.26"]
[Round "3"]
[White "Schorch, Rüdiger"]
[Black "Nguyen, Huy Dat"]
[Result "1-0"]
[WhiteElo "1887"]
[BlackElo "1971"]
[PlyCount "73"]
[EventDate "2014.??.??"]
[WhiteTeam "SV Ammern"]
[BlackTeam "SV Medizin Erfurt"]

1. c4 c5 2. Nf3 Nc6 3. Nc3 Nf6 4. g3 g6 5. Bg2 Bg7 6. O-O O-O 7. d4 cxd4 8.
Nxd4 Qb6 9. Nc2 d6 10. Rb1 Bf5 11. e4 Bg4 12. Qd2 Rac8 13. h3 Bd7 14. Kh2 Ne5
15. b3 Bh6 16. Qe2 Bxc1 17. Rbxc1 Qc5 18. Nd5 Nxd5 19. exd5 Bf5 20. Be4 Bxe4
21. Qxe4 Rfe8 22. f4 Nd7 23. f5 Ne5 24. Nd4 Kg7 25. Nf3 Nxf3+ 26. Qxf3 f6 27.
Rce1 b5 28. fxg6 hxg6 29. Rxe7+ Rxe7 30. Qxf6+ Kg8 31. Qxe7 bxc4 32. Rf6 Qd4
33. Rxg6+ Kh8 34. Rh6+ Kg8 35. Qh7+ Kf8 36. Qh8+ Kf7 37. Qxd4 1-0

[Event "Thüringenliga 2014/2015"]
[Site "?"]
[Date "2014.10.26"]
[Round "3"]
[White "Kirschbaum, Gunnar"]
[Black "Kampfhenkel, Ulrich"]
[Result "1-0"]
[WhiteElo "2133"]
[BlackElo "1934"]
[PlyCount "103"]
[EventDate "2014.??.??"]
[WhiteTeam "SV Medizin Erfurt"]
[BlackTeam "SV Ammern"]

1. d4 d5 2. Nf3 c5 3. c4 cxd4 4. Qxd4 Nf6 5. cxd5 Qxd5 6. Nc3 Qxd4 7. Nxd4 a6
8. Bg5 e6 9. g3 Bc5 10. Nb3 Bb4 11. Bg2 Nc6 12. O-O h6 13. Bd2 Bd7 14. Rfd1 Ke7
15. Na4 Bxd2 16. Rxd2 Rad8 17. Nac5 Bc8 18. Rc2 Nb4 19. Rc4 Nbd5 20. a4 b6 21.
Nd3 Bb7 22. e4 b5 23. axb5 axb5 24. Rc5 Nb6 25. Rxb5 Bxe4 26. Bxe4 Nxe4 27. Ne5
Rd6 28. Ra7+ Nd7 29. Rbb7 Rd8 30. f3 Nef6 31. Nc5 Ke8 32. Ncxd7 Nxd7 33. Nxd7
R6xd7 34. Rxd7 Rxd7 35. Rxd7 Kxd7 36. Kf2 e5 37. Ke3 f5 38. Kd3 Kc6 39. Kc4 g5
40. b4 h5 41. b5+ Kd6 42. b6 g4 43. fxg4 hxg4 44. Kb5 f4 45. gxf4 exf4 46. Ka6
f3 47. b7 Kd5 48. b8=Q Ke4 49. Qb1+ Ke3 50. Qf1 f2 51. Kb5 Kf3 52. Kc4 1-0

[Event "Thüringenliga 2014/2015"]
[Site "?"]
[Date "2014.10.26"]
[Round "3"]
[White "Dawydow, Alexej"]
[Black "Hausknecht, Matthias"]
[Result "0-1"]
[WhiteElo "1948"]
[BlackElo "2118"]
[PlyCount "76"]
[EventDate "2014.??.??"]
[WhiteTeam "SV Ammern"]
[BlackTeam "SV Medizin Erfurt"]

1. e4 e5 2. Nf3 Nc6 3. d4 exd4 4. Nxd4 d6 5. Nc3 Nf6 6. Bg5 Be7 7. Qd2 Nxe4 8.
Nxe4 Bxg5 9. Nxg5 Nxd4 10. O-O-O Ne6 11. Re1 O-O 12. h4 h6 13. f4 Qf6 14. g3
Nc5 15. Ne4 Nxe4 16. Rxe4 Bd7 17. Re1 b6 18. Bd3 Rae8 19. Rh2 Rxe1+ 20. Qxe1
Re8 21. Re2 Kf8 22. Rxe8+ Bxe8 23. Qe4 Qe7 24. Kd2 Qxe4 25. Bxe4 Ke7 26. g4 f6
27. Ke3 Bf7 28. a3 g5 29. h5 d5 30. Bf3 Kd6 31. b4 c5 32. c3 Be8 33. Be2 Bc6
34. Bd1 d4+ 35. cxd4 cxd4+ 36. Kxd4 gxf4 37. Bc2 f3 38. Bf5 f2 0-1

[Event "Thüringenliga 2014/2015"]
[Site "?"]
[Date "2014.10.26"]
[Round "3"]
[White "Reichel, Norbert"]
[Black "Breuer, Harald"]
[Result "1/2-1/2"]
[WhiteElo "2037"]
[BlackElo "1850"]
[PlyCount "57"]
[EventDate "2014.??.??"]
[WhiteTeam "SV Medizin Erfurt"]
[BlackTeam "SV Ammern"]

1. c4 Nf6 2. Nc3 g6 3. e4 d6 4. g3 c5 5. Bg2 Nc6 6. Nge2 Bg7 7. O-O O-O 8. d3
Nh5 9. h3 e5 10. Nd5 Be6 11. g4 Nf6 12. Nec3 Bxd5 13. cxd5 Nd4 14. Bg5 Qe8 15.
Ne2 Nd7 16. Nxd4 cxd4 17. b4 f6 18. Bd2 b5 19. a4 Nb6 20. axb5 Qxb5 21. Ra3
Rfc8 22. Qb3 Rc7 23. Rc1 Rac8 24. Rxc7 Rxc7 25. Bf3 Qd7 26. Bd1 h5 27. b5 Kh7
28. Kg2 hxg4 29. hxg4 1/2-1/2

[Event "Thüringenliga 2014/2015"]
[Site "?"]
[Date "2014.10.26"]
[Round "3"]
[White "Salaske, Peter"]
[Black "Müller-Ludwig, Kristin"]
[Result "1/2-1/2"]
[WhiteElo "1844"]
[BlackElo "1992"]
[PlyCount "45"]
[EventDate "2014.??.??"]
[WhiteTeam "SV Ammern"]
[BlackTeam "SV Medizin Erfurt"]

1. e4 e6 2. d4 d5 3. e5 c5 4. c3 Nc6 5. Nf3 Qb6 6. Bd3 Bd7 7. Bc2 cxd4 8. cxd4
Nb4 9. Nc3 Nxc2+ 10. Qxc2 Qa6 11. Qe2 Qxe2+ 12. Kxe2 Ne7 13. Rd1 Rc8 14. Bd2
Nf5 15. g4 Ne7 16. Rac1 h5 17. h3 Ng6 18. a3 Be7 19. Rg1 Bd8 20. Be3 Bb6 21.
Kd2 hxg4 22. hxg4 Ke7 23. Rh1 1/2-1/2

[Event "Thüringenliga 2014/2015"]
[Site "?"]
[Date "2014.10.26"]
[Round "3"]
[White "Jakob, Matthias"]
[Black "Kurze, Christoph"]
[Result "1/2-1/2"]
[WhiteElo "1931"]
[BlackElo "1801"]
[PlyCount "99"]
[EventDate "2014.??.??"]
[WhiteTeam "SV Medizin Erfurt"]
[BlackTeam "SV Ammern"]

1. d4 Nf6 2. Nf3 e6 3. e3 b6 4. Bd3 Bb7 5. Nbd2 d5 6. Ne5 Be7 7. f4 O-O 8. Qf3
c5 9. c3 Nbd7 10. O-O c4 11. Bc2 b5 12. g4 Nxe5 13. fxe5 Ne4 14. Nxe4 dxe4 15.
Bxe4 Bxe4 16. Qxe4 Qb6 17. a3 Rae8 18. Bd2 Rb8 19. Rf3 Qb7 20. Qxb7 Rxb7 21. e4
h6 22. Kg2 f6 23. exf6 Rxf6 24. Raf1 Rxf3 25. Rxf3 Rd7 26. Kg3 Bd8 27. e5 a6
28. h3 Be7 29. Kf2 Bh4+ 30. Ke2 Bd8 31. Be3 Be7 32. Bf4 Bd8 33. Ke3 Bh4 34. Ke4
Bd8 35. Be3 Be7 36. Rf1 Rd5 37. Rb1 a5 38. Rf1 Rd7 39. Rd1 Rd5 40. Rg1 g5 41.
h4 Kg7 42. hxg5 hxg5 43. Rh1 Rd8 44. Rh2 Kg6 45. Bd2 a4 46. Be3 Rd5 47. Rh8 Bd8
48. Bc1 Kg7 49. Rh1 Be7 50. Rd1 1/2-1/2